Economics for agriculturalists: a beginning text in agricultural Economics (Record no. 351303)
[ view plain ]
| 000 -LEADER | |
|---|---|
| fixed length control field | 004580000a22001690004500 |
| 020 ## - INTERNATIONAL STANDARD BOOK NUMBER | |
| International Standard Book Number | 0882440721 |
| 060 ## - NATIONAL LIBRARY OF MEDICINE CALL NUMBER | |
| Classification number | 100 |
| 082 ## - DEWEY DECIMAL CLASSIFICATION NUMBER | |
| Classification number | 338. 1 SJO |
| 100 ## - MAIN ENTRY--PERSONAL NAME | |
| Personal name | Sjo, John |
| 245 ## - TITLE STATEMENT | |
| Title | Economics for agriculturalists: a beginning text in agricultural Economics |
| 260 ## - PUBLICATION, DISTRIBUTION, ETC. (IMPRINT) | |
| Place of publication, distribution, etc. | Ohio, Grid, Inc. |
| 260 ## - PUBLICATION, DISTRIBUTION, ETC. (IMPRINT) | |
| Date of publication, distribution, etc. | 1976 |
| 300 ## - PHYSICAL DESCRIPTION | |
| Extent | 232 |
| 490 ## - SERIES STATEMENT | |
| Series statement | Grid Series in Agricultural Economics |
| 650 ## - SUBJECT ADDED ENTRY--TOPICAL TERM | |
| Topical term or geographic name as entry element | Agriculture-US/ Demand Concept/ Supply concept |
| 942 ## - ADDED ENTRY ELEMENTS (KOHA) | |
| Koha item type | Books (General) |
| Withdrawn status | Lost status | Damaged status | Not for loan | Home library | Current library | Date acquired | Total Checkouts | Full call number | Barcode | Date last seen | Price effective from | Koha item type |
|---|---|---|---|---|---|---|---|---|---|---|---|---|
| College of Agriculture, Vellayani | College of Agriculture, Vellayani | 02/05/2014 | 338. 1 SJO | KAU_COAV-17714 | 02/05/2014 | 02/05/2014 | Books (General) |
